000 00401nam a2200145Ia 4500
008 151213s9999 xx 000 0 und d
100 _aLeonord Bloomjield
245 _aLanguage
_cLeonord Bloomjield
260 _aLondon
_bGeorge Allen University Ltd.
_c1933
300 _a3582 p.
650 _aEnglish Literature
650 _aEnglish Literature
700 _aLeonord Bloomjield
999 _c2385
_d2385